10 najbardziej znanych państw przez Polaków. - Statystyki

Ogólne statystyki
  • Ten quiz został rozwiązany 147 razy
    51 od ostatniego zresetowania
  • Średni wynik to 10 z 10
Statystyki odpowiedzi
% Poprawnych Państwo % Poprawnych
91% Czechy
100%
95% Rosja
100%
94% Stany Zjednoczone
100%
94% Francja
98%
94% Niemcy
98%
92% Hiszpania
96%
93% Ukraina
96%
92% Włochy
93%
92% Chiny
91%
96% Polska
89%
Nie znaleziono quizów pasujących do podanych kryteriów
Rozkład punktacji
Procent ludzi z każdym wynikiem
Percentyl według liczby udzielonych odpowiedzi
Twoja historia wyników
Nie rozwiązałeś tego quizu od ostatniego zresetowania